Paesi più vicini alla Giamaica - Morte improvvisa - Statistics

Statistiche generali
  • Questo quiz è stato fatto 12 volte
  • Il punteggio medio è 3 su 15
Answers on the Grid
Answers color-coded by a green-red scale on the quiz's grid according to % correct below.
Cuba
Haiti
Bahamas
Repubblica Dominicana
Honduras
Nicaragua
Stati Uniti
Colombia
Venezuela
Messico
Panama
Costa Rica
Belize
Guatemala
El Salvador
Canada
Ecuador
Guyana
Suriname
Perù
Bolivia
Brasile
Paraguay
Uruguay
Saint Kitts e Nevis
Antigua e Barbuda
Saint Lucia
Grenada
Mauritania
Islanda
 
Statistiche sulle risposte
Risposta % Corretto
Guatemala
67%
Messico
67%
Colombia
33%
Panama
33%
Repubblica Dominicana
33%
Venezuela
33%
Bahamas
0%
Belize
0%
Costa Rica
0%
Cuba
0%
El Salvador
0%
Haiti
0%
Honduras
0%
Nicaragua
0%
Stati Uniti
0%
Nessun quiz corrispondente trovato
Distribuzione punteggi
Percentuale di utenti per punteggio
Percentile per numero di risposta
I tuoi punteggi nel tempo
Non hai fatto questo quiz